[Event "DVM U14w 2014"]
[Site "Regensburg GER"]
[Date "2014.12.29"]
[Round "6"]
[White "Giede, Anna-Blume"]
[Black "Held, Fabienne"]
[Result "1-0"]
[Termination "normal"]
[Board "2.4"]
[WhiteElo "1471"]
[BlackElo "1058"]
[WhiteClock "00:14:37"]
[BlackClock "00:30:29"]
[WhiteTeam "TuRa Harksheide"]
[BlackTeam "SK Neumarkt"]
[PlyCount "145"]
[WhiteFideId "12921980"]
[BlackFideId "12964670"]
[EventCountry "GER"]
[EventRounds "7"]
[EventType "team-swiss"]
[EventDate "2014.12.26"]

1. e4 {[%clk 1:30:59]} e5 {[%clk 1:30:53]} 2. Nf3 {[%clk 1:31:26]} Nc6 {[%clk
1:31:15]} 3. d4 {[%clk 1:31:52]} exd4 {[%clk 1:31:33]} 4. Nxd4 {[%clk 1:32:18]}
Bc5 {[%clk 1:31:51]} 5. Be3 {[%clk 1:32:42]} Bb6 {[%clk 1:31:38]} 6. Bc4 {[%clk
1:32:26]} d6 {[%clk 1:31:21]} 7. O-O {[%clk 1:31:57]} Nf6 {[%clk 1:31:07]} 8.
Nc3 {[%clk 1:30:55]} Qe7 {[%clk 1:29:29]} 9. Re1 {[%clk 1:15:14]} Bg4 {[%clk
1:29:06]} 10. Qd2 {[%clk 1:11:42]} O-O {[%clk 1:28:44]} 11. f3 {[%clk 1:02:26]}
Bd7 {[%clk 1:28:46]} 12. Kh1 {[%clk 0:56:27]} Ne5 {[%clk 1:11:48]} 13. Bb3
{[%clk 0:53:53]} Ba5 {[%clk 1:08:59]} 14. Nde2 {[%clk 0:46:42]} Be6 {[%clk
0:58:28]} 15. Qc1 {[%clk 0:29:37]} Ng6 {[%clk 0:52:42]} 16. Rd1 {[%clk
0:19:07]} Nh5 {[%clk 0:49:02]} 17. Nd5 {[%clk 0:12:43]} Qd8 {[%clk 0:44:52]}
18. Ndf4 {[%clk 0:10:35]} Bxb3 {[%clk 0:39:48]} 19. axb3 {[%clk 0:09:33]} Nhxf4
{[%clk 0:38:03]} 20. Nxf4 {[%clk 0:09:52]} Bb4 {[%clk 0:37:35]} 21. Nxg6 {[%clk
0:09:03]} fxg6 {[%clk 0:37:41]} 22. c3 {[%clk 0:08:42]} h5 {[%clk 0:29:59]} 23.
cxb4 {[%clk 0:08:52]} Qe7 {[%clk 0:28:49]} 24. Qd2 {[%clk 0:08:19]} h4 {[%clk
0:26:45]} 25. Bg5 {[%clk 0:07:17]} Qe5 {[%clk 0:26:22]} 26. Qd5+ {[%clk
0:07:13]} Qxd5 {[%clk 0:26:30]} 27. Rxd5 {[%clk 0:07:31]} h3 {[%clk 0:26:02]}
28. Rc1 {[%clk 0:05:44]} Rac8 {[%clk 0:26:06]} 29. Rd3 {[%clk 0:05:49]} Rfe8
{[%clk 0:24:33]} 30. gxh3 {[%clk 0:05:57]} Re5 {[%clk 0:24:17]} 31. Bf4 {[%clk
0:05:29]} Rh5 {[%clk 0:24:06]} 32. Kg2 {[%clk 0:04:23]} Rf8 {[%clk 0:23:50]}
33. Bg3 {[%clk 0:04:25]} Rf7 {[%clk 0:23:25]} 34. Rdc3 {[%clk 0:04:05]} c6
{[%clk 0:23:33]} 35. Bxd6 {[%clk 0:03:25]} Rd7 {[%clk 0:23:00]} 36. Bf4 {[%clk
0:03:03]} g5 {[%clk 0:22:35]} 37. Be3 {[%clk 0:02:47]} Rd6 {[%clk 0:22:03]} 38.
R1c2 {[%clk 0:02:33]} Rdh6 {[%clk 0:21:59]} 39. Bg1 {[%clk 0:01:28]} Rxh3
{[%clk 0:21:24]} 40. Kf1 {[%clk 0:01:08]} R3h4 {[%clk 0:20:03]} 41. Rg2 {[%clk
0:24:12]} Rg6 {[%clk 0:50:04]} 42. Bf2 {[%clk 0:22:15]} Rh5 {[%clk 0:49:48]}
43. h4 {[%clk 0:19:05]} a6 {[%clk 0:43:43]} 44. Rc5 {[%clk 0:18:53]} Rd6 {[%clk
0:42:37]} 45. Ke2 {[%clk 0:18:47]} Rf6 {[%clk 0:34:35]} 46. Rcxg5 {[%clk
0:18:19]} Rh7 {[%clk 0:34:18]} 47. Rg6 {[%clk 0:17:42]} Rf7 {[%clk 0:34:44]}
48. Bd4 {[%clk 0:17:32]} Kf8 {[%clk 0:32:46]} 49. Ke3 {[%clk 0:16:07]} b6
{[%clk 0:30:40]} 50. Bxb6 {[%clk 0:14:48]} Rxh4 {[%clk 0:30:56]} 51. Bc5+
{[%clk 0:15:04]} Kg8 {[%clk 0:31:10]} 52. Rxc6 {[%clk 0:14:44]} Rh1 {[%clk
0:30:24]} 53. Rxa6 {[%clk 0:13:58]} Re1+ {[%clk 0:30:41]} 54. Kf2 {[%clk
0:14:16]} Rb1 {[%clk 0:30:36]} 55. Ra8+ {[%clk 0:13:47]} Kh7 {[%clk 0:30:54]}
56. Rh2+ {[%clk 0:12:59]} Kg6 {[%clk 0:31:13]} 57. Ra6+ {[%clk 0:12:52]} Rf6
{[%clk 0:30:20]} 58. Rxf6+ {[%clk 0:13:06]} gxf6 {[%clk 0:30:34]} 59. Bd4
{[%clk 0:13:12]} Rd1 {[%clk 0:30:27]} 60. Bc3 {[%clk 0:13:27]} Rc1 {[%clk
0:30:02]} 61. Ke3 {[%clk 0:13:01]} Re1+ {[%clk 0:29:45]} 62. Bxe1 {[%clk
0:13:22]} f5 {[%clk 0:29:38]} 63. exf5+ {[%clk 0:13:35]} Kxf5 {[%clk 0:30:02]}
64. Rh4 {[%clk 0:13:06]} Kg5 {[%clk 0:30:09]} 65. Rf4 {[%clk 0:13:23]} Kg6
{[%clk 0:30:24]} 66. Ke4 {[%clk 0:13:34]} Kg5 {[%clk 0:30:41]} 67. Ke5 {[%clk
0:13:50]} Kg6 {[%clk 0:30:42]} 68. Rf5 {[%clk 0:14:15]} Kg7 {[%clk 0:30:14]}
69. Rf6 {[%clk 0:14:39]} Kg8 {[%clk 0:30:22]} 70. Ke6 {[%clk 0:14:32]} Kg7
{[%clk 0:30:26]} 71. Ke7 {[%clk 0:14:18]} Kh7 {[%clk 0:30:21]} 72. Kf7 {[%clk
0:14:37]} Kh8 {[%clk 0:30:29]} 73. Rh6# 1-0

[Event "DVM U14w 2014"]
[Site "Regensburg GER"]
[Date "2014.12.29"]
[Round "6"]
[White "Peil, Celine"]
[Black "Riegel, Arinna"]
[Result "1/2-1/2"]
[Termination "normal"]
[Board "3.1"]
[WhiteElo "1870"]
[BlackElo "1674"]
[WhiteTeam "USG Chemnitz"]
[BlackTeam "SF Sasbach"]
[PlyCount "58"]
[WhiteFideId "12942219"]
[BlackFideId "12931446"]
[EventCountry "GER"]
[EventRounds "7"]
[EventType "team-swiss"]
[EventDate "2014.12.26"]

1. e4 d5 2. exd5 Qxd5 3. Nc3 Qd6 4. d4 Nf6 5. Nf3 c6 6. Ne5 Nbd7 7. Bf4 Nd5 8.
Nxd5 Qxd5 9. f3 Nxe5 10. Bxe5 Bd7 11. Be2 Rc8 12. Bg3 c5 13. dxc5 Qxc5 14. c3
e6 15. Bf2 Qc7 16. Qd2 Bc5 17. Bxc5 Qxc5 18. Bd3 Bc6 19. Qf2 Qxf2+ 20. Kxf2 O-O
21. Rad1 Rfd8 22. Rd2 Rd7 23. Rhd1 Rcd8 24. Ke2 Kf8 25. Bc4 Rxd2+ 26. Rxd2
Rxd2+ 27. Kxd2 Ke7 28. Ke3 e5 29. Bd3 Ke6 1/2-1/2

[Event "DVM U14w 2014"]
[Site "Regensburg GER"]
[Date "2014.12.29"]
[Round "6"]
[White "Ehmann, Johanna"]
[Black "Fuchs, Joline"]
[Result "1-0"]
[Termination "normal"]
[Board "3.2"]
[WhiteElo "1563"]
[BlackElo "1416"]
[WhiteTeam "SF Sasbach"]
[BlackTeam "USG Chemnitz"]
[PlyCount "111"]
[WhiteFideId "12953130"]
[BlackFideId "12964506"]
[EventCountry "GER"]
[EventRounds "7"]
[EventType "team-swiss"]
[EventDate "2014.12.26"]

1. e4 e5 2. Nf3 Nc6 3. d4 exd4 4. Bc4 Bb4+ 5. c3 dxc3 6. O-O cxb2 7. Bxb2 f6 8.
e5 d6 9. Qd5 Qe7 10. exd6 cxd6 11. Nc3 Bxc3 12. Bxc3 Ne5 13. Nxe5 dxe5 14. Bb4
Qe6 15. Qxe6+ Bxe6 16. Bxe6 Rd8 17. Rfd1 Rxd1+ 18. Rxd1 Ne7 19. Rd7 Nc6 20. Ba3
Nd8 21. Re7+ Kf8 22. Bd7 g5 23. Rxh7+ Kg8 24. Rxh8+ Kxh8 25. Be7 Nf7 26. Bxf6+
Kh7 27. Be6 Kg6 28. Bxf7+ Kxf6 29. Bd5 b5 30. a3 a5 31. Kf1 Kf5 32. Ke2 Kf4 33.
g3+ Kg4 34. Ke3 Kh3 35. Ke4 Kxh2 36. Kxe5 b4 37. axb4 axb4 38. Kf5 b3 39. Bxb3
Kg2 40. Kxg5 Kxf2 41. g4 Kg3 42. Kf5 Kh4 43. g5 Kh5 44. Kf6 Kg4 45. g6 Kf3 46.
g7 Kf4 47. g8=Q Ke3 48. Qc4 Kd2 49. Qd4+ Ke2 50. Qc3 Kf2 51. Qd3 Kg2 52. Qe3
Kh2 53. Qf3 Kg1 54. Qe2 Kh1 55. Bd5+ Kg1 56. Qg2# 1-0

[Event "DVM U14w 2014"]
[Site "Regensburg GER"]
[Date "2014.12.29"]
[Round "6"]
[White "Wienhold, Nadine"]
[Black "Lohrmann, Tabea"]
[Result "0-1"]
[Termination "normal"]
[Board "3.3"]
[WhiteElo "1391"]
[BlackElo "1465"]
[WhiteTeam "USG Chemnitz"]
[BlackTeam "SF Sasbach"]
[PlyCount "108"]
[WhiteFideId "12964514"]
[BlackFideId "12911941"]
[EventCountry "GER"]
[EventRounds "7"]
[EventType "team-swiss"]
[EventDate "2014.12.26"]

1. c4 c5 2. Nc3 Nf6 3. g3 d5 4. cxd5 Nxd5 5. Bg2 Nc7 6. Nf3 Nc6 7. O-O e5 8. d3
Be7 9. b3 O-O 10. Bb2 f6 11. Qd2 Be6 12. Rfc1 Qd7 13. Ba3 Rac8 14. Rc2 b6 15.
Rd1 Rfd8 16. e3 Bg4 17. Ne2 Ne6 18. Qc1 e4 19. dxe4 Qxd1+ 20. Ne1 Bxe2 21. Qxd1
Bxd1 22. Rc1 Be2 23. Bf3 Bxf3 24. Nxf3 Ne5 25. Nh4 Rd2 26. Nf5 Kf7 27. Ra1 Rcd8
28. Kg2 Rd1 29. Bb2 Rxa1 30. Bxa1 Rd2 31. a4 Nd3 32. Bc3 Rxf2+ 33. Kh3 Ng5+ 34.
Kg4 Rxh2 35. Nh4 Nf2+ 36. Kf4 Ngxe4 37. Be1 g5+ 38. Kf3 gxh4 39. gxh4 Rxh4 40.
Bxf2 Nxf2 41. Kxf2 Rb4 42. e4 Rxe4 43. Kf3 f5 44. Kg3 Kf6 45. Kf2 Kg5 46. Kf3
a6 47. Kg3 Rf4 48. Kh3 Rg4 49. Kh2 Kf4 50. a5 b5 51. b4 c4 52. Kh3 Kf3 53. Kh2
Kf2 54. Kh3 Rh4# 0-1

[Event "DVM U14w 2014"]
[Site "Regensburg GER"]
[Date "2014.12.29"]
[Round "6"]
[White "Schneider, Anna"]
[Black "Belusa, Laura Sophie"]
[Result "0-1"]
[Termination "normal"]
[Board "3.4"]
[WhiteElo "957"]
[BlackElo "1126"]
[WhiteTeam "SF Sasbach"]
[BlackTeam "USG Chemnitz"]
[PlyCount "106"]
[WhiteFideId "16200527"]
[BlackFideId "12964522"]
[EventCountry "GER"]
[EventRounds "7"]
[EventType "team-swiss"]
[EventDate "2014.12.26"]

1. e4 e5 2. Nf3 Nc6 3. d4 exd4 4. Bc4 Nf6 5. e5 Ng4 6. Bf4 Bc5 7. c3 d6 8. h3
dxe5 9. cxd4 Bxd4 10. Nxd4 Nxd4 11. hxg4 exf4 12. Nc3 Qe7+ 13. Ne2 Nxe2 14.
Bxe2 Bxg4 15. f3 Qb4+ 16. Kf1 Be6 17. Rb1 Rd8 18. Qe1 Qxe1+ 19. Rxe1 Kd7 20.
Kf2 Kc8 21. Rd1 Rxd1 22. Rxd1 Bxa2 23. Bd3 Bb3 24. Bf5+ Be6 25. Be4 c6 26. g3
g5 27. g4 h5 28. Rh1 h4 29. Kg2 Kc7 30. b4 b5 31. Rc1 Bd7 32. Rc5 f6 33. Rc1
Ra8 34. Kh3 Kb6 35. Rd1 Be8 36. Rd6 a5 37. bxa5+ Rxa5 38. Rd1 b4 39. Rb1 c5 40.
Rc1 Bf7 41. Rd1 b3 42. Rd6+ Kb5 43. Rd1 c4 44. Rb1 Kb4 45. Rc1 c3 46. Rb1 b2
47. Rd1 Kb3 48. Rb1 Ra1 49. Rxb2+ cxb2 50. Kg2 Kc3 51. Kh2 Bd5 52. Bf5 Bxf3 53.
Bg6 Rh1# 0-1

[Event "DVM U14w 2014"]
[Site "Regensburg GER"]
[Date "2014.12.29"]
[Round "6"]
[White "Nguyen, Ha Thanh"]
[Black "Halas, Julia"]
[Result "0-1"]
[Termination "normal"]
[Board "4.1"]
[WhiteElo "1657"]
[BlackElo "1624"]
[WhiteTeam "SV Empor Erfurt"]
[BlackTeam "SG Leipzig"]
[PlyCount "77"]
[WhiteFideId "12942154"]
[BlackFideId "12931810"]
[EventCountry "GER"]
[EventRounds "7"]
[EventType "team-swiss"]
[EventDate "2014.12.26"]

1. e4 {[%emt 0:00:00]} e6 2. d4 d5 3. Nc3 Nf6 4. e5 Nfd7 5. f4 c5 6. Nf3 Nc6 7.
Be3 Be7 8. Be2 O-O 9. O-O f6 10. dxc5 fxe5 11. fxe5 Ndxe5 12. Nxe5 Nxe5 13. Bf2
Qa5 14. Kh1 Bxc5 15. Bxc5 Qxc5 16. Rxf8+ Qxf8 17. Qd4 Nc6 18. Qh4 Qf6 19. Qg3
Qe5 20. Qd3 Bd7 21. a3 Nd4 22. Bf1 Rf8 23. Kg1 Qf4 24. Qg3 Qxg3 25. hxg3 Nxc2
26. Rc1 Ne3 27. Bd3 e5 28. Re1 d4 29. Nd1 Nxd1 30. Rxd1 Bc6 31. Bc4+ Kh8 32. b4
a6 33. Be2 Rd8 34. Kf2 e4 35. Ke1 Ba4 36. Rd2 e3 37. Rb2 d3 38. Bg4 d2+ 39. Kf1
0-1

[Event "DVM U14w 2014"]
[Site "Regensburg GER"]
[Date "2014.12.29"]
[Round "6"]
[White "Schmidt, Alexandra"]
[Black "Schulz, Theresa Charlotte"]
[Result "1-0"]
[Termination "normal"]
[Board "4.2"]
[WhiteElo "1508"]
[BlackElo "1659"]
[WhiteTeam "SG Leipzig"]
[BlackTeam "SV Empor Erfurt"]
[PlyCount "43"]
[WhiteFideId "12946036"]
[BlackFideId "12952206"]
[EventCountry "GER"]
[EventRounds "7"]
[EventType "team-swiss"]
[EventDate "2014.12.26"]

1. e4 c5 2. Nc3 Nc6 3. Bb5 g6 4. Bxc6 bxc6 5. f4 Bg7 6. Nf3 e6 7. O-O Ne7 8. d3
d5 9. Qe1 Qb6 10. Kh1 Ba6 11. e5 Nf5 12. Rb1 c4 13. d4 O-O 14. g4 Ne7 15. Qh4
Rae8 16. Ng5 h6 17. Nf3 f5 18. Rg1 Kf7 19. b3 Qa5 20. Na4 Rg8 21. Ba3 Bf8 22.
Qf6# 1-0

[Event "DVM U14w 2014"]
[Site "Regensburg GER"]
[Date "2014.12.29"]
[Round "6"]
[White "Rieger, Lotta"]
[Black "Oswald, Lena"]
[Result "1/2-1/2"]
[Termination "normal"]
[Board "4.3"]
[WhiteElo "1462"]
[BlackElo "1313"]
[WhiteTeam "SV Empor Erfurt"]
[BlackTeam "SG Leipzig"]
[PlyCount "123"]
[WhiteFideId "12964620"]
[BlackFideId "12983314"]
[EventCountry "GER"]
[EventRounds "7"]
[EventType "team-swiss"]
[EventDate "2014.12.26"]

1. e4 {[%emt 0:00:00]} c5 2. Nf3 d6 3. d4 cxd4 4. Nxd4 Nf6 5. Nc3 g6 6. Be3 Bg7
7. Bc4 Bd7 8. O-O O-O 9. h3 Nc6 10. Qd2 a6 11. Rfe1 Rc8 12. Nxc6 Bxc6 13. Bd5
Qd7 14. Bh6 b5 15. Bxg7 Kxg7 16. a3 Rfe8 17. Rad1 Nxd5 18. exd5 Bb7 19. Re4 Qf5
20. Rh4 h5 21. Rf4 Qd7 22. Ne4 Rc4 23. Ng5 Rxf4 24. Qxf4 Rf8 25. Rd3 Bc8 26.
Rf3 Qf5 27. Qd4+ Qe5 28. Qxe5+ dxe5 29. Re3 f6 30. Ne4 Rd8 31. Rd3 Kf7 32. b3
a5 33. c4 bxc4 34. bxc4 Ba6 35. Rc3 Bxc4 36. Rxc4 Rxd5 37. Ra4 Ke6 38. Kf1 Kd7
39. Ke2 Kc6 40. Rc4+ Kb6 41. Rc8 g5 42. Re8 Rd7 43. g3 Kb5 44. a4+ Kc4 45. Rb8
Rd4 46. f3 g4 47. hxg4 hxg4 48. Nd2+ Kc3 49. Nb1+ Kc4 50. Na3+ Kc5 51. Rb5+ Kd6
52. Rxa5 gxf3+ 53. Kxf3 Rd3+ 54. Kf2 Rxa3 55. Ra8 e4 56. a5 f5 57. a6 Kc7 58.
Ra7+ Kb6 59. Rxe7 Rxa6 60. Re6+ Kb7 61. Rxa6 Kxa6 62. Ke3 1/2-1/2

[Event "DVM U14w 2014"]
[Site "Regensburg GER"]
[Date "2014.12.29"]
[Round "6"]
[White "Kahle, Leonie"]
[Black "Geletzke, Hannah"]
[Result "1-0"]
[Termination "normal"]
[Board "4.4"]
[WhiteElo "1365"]
[BlackElo "1387"]
[WhiteTeam "SG Leipzig"]
[BlackTeam "SV Empor Erfurt"]
[PlyCount "57"]
[WhiteFideId "12983306"]
[BlackFideId "12983330"]
[EventCountry "GER"]
[EventRounds "7"]
[EventType "team-swiss"]
[EventDate "2014.12.26"]

1. e4 e5 2. Nf3 Nc6 3. d4 exd4 4. Bc4 h6 5. O-O Bc5 6. Qd3 Nge7 7. Bxf7+ Kxf7
8. Qc4+ d5 9. Qxc5 dxe4 10. Ne5+ Kf6 11. Nxc6 Nxc6 12. b3 Qe7 13. Qc4 Na5 14.
Qe2 c5 15. Bb2 Kf7 16. Rd1 h5 17. h3 e3 18. c3 Qh4 19. cxd4 cxd4 20. Rxd4 exf2+
21. Qxf2+ Qxf2+ 22. Kxf2 Nc6 23. Rf4+ Kg6 24. Nd2 Rd8 25. Nf3 Be6 26. Re1 Bf5
27. Nh4+ Kg5 28. Rxf5+ Kxh4 29. Re4# 1-0

[Event "DVM U14w 2014"]
[Site "Regensburg GER"]
[Date "2014.12.29"]
[Round "6"]
[White "Kublanov, Elizabeth"]
[Black "Jörs, Pia-Milena"]
[Result "1/2-1/2"]
[Termination "normal"]
[Board "5.1"]
[WhiteElo "1363"]
[BlackElo "1462"]
[WhiteTeam "SG Solingen"]
[BlackTeam "SG Güstrow/Teterow"]
[PlyCount "120"]
[WhiteFideId "12944564"]
[BlackFideId "12964646"]
[EventCountry "GER"]
[EventRounds "7"]
[EventType "team-swiss"]
[EventDate "2014.12.26"]

1. d4 {[%emt 0:00:00]} d5 2. c4 e6 3. Nc3 Nf6 4. Nf3 Nbd7 5. Bf4 Bb4 6. e3 b6
7. Bd3 Bb7 8. Qc2 c5 9. O-O-O Bxc3 10. Qxc3 Qe7 11. Kb1 Rc8 12. Qa3 a6 13. Rc1
O-O 14. Bg5 Rfe8 15. cxd5 exd5 16. Bf5 Qf8 17. Bxf6 Nxf6 18. Bxc8 Rxc8 19. Ne5
Qd6 20. Nd3 Ne4 21. f3 Nd2+ 22. Ka1 Nc4 23. Qc3 cxd4 24. Qxd4 f6 25. g4 Ne5 26.
Nxe5 fxe5 27. Rxc8+ {[%emt 0:00:00]} Bxc8 28. Qc3 Be6 29. Rc1 d4 30. Qc6 Qxc6
31. Rxc6 Bd5 32. Rxb6 dxe3 33. Rb8+ Kf7 34. Rc8 Bxf3 35. Rc1 Bxg4 36. Re1 e2
37. Kb1 Kf6 38. Kc2 Kf5 39. Kd2 Ke4 40. b4 Kd4 41. a4 Kc4 42. b5 axb5 43. a5 b4
44. a6 b3 45. a7 Bf3 46. Rxe2 Kb5 47. Rxe5+ Kb6 48. Re7 Bb7 49. Rxg7 Kxa7 50.
Kc3 Kb6 51. Kxb3 Be4 52. Re7 Bg6 53. Re5 Kc6 54. Kc4 Kd6 55. Kd4 Bb1 56. Rg5
Ke6 57. Ke3 Kf6 58. Kf4 Bg6 59. h4 Bc2 60. Rg1 Bd3 1/2-1/2

[Event "DVM U14w 2014"]
[Site "Regensburg GER"]
[Date "2014.12.29"]
[Round "6"]
[White "Eulitz, Charlotte"]
[Black "Berelowitsch, Dana"]
[Result "0-1"]
[Termination "normal"]
[Board "5.2"]
[WhiteElo "1482"]
[BlackElo "1324"]
[WhiteTeam "SG Güstrow/Teterow"]
[BlackTeam "SG Solingen"]
[PlyCount "94"]
[WhiteFideId "12964654"]
[BlackFideId "12977144"]
[EventCountry "GER"]
[EventRounds "7"]
[EventType "team-swiss"]
[EventDate "2014.12.26"]

1. e4 {[%emt 0:00:00]} e5 2. Nf3 Nf6 3. Nxe5 d6 4. Nf3 Nxe4 5. d4 d5 6. Bd3 Bg4
7. Be3 Nc6 8. O-O Bd6 9. Nc3 Nf6 10. Re1 O-O 11. Be2 Qd7 12. Qd2 Rfe8 13. Bf4
Re7 14. Bxd6 Qxd6 15. h3 Bh5 16. Rad1 Rae8 17. Nb5 Qd7 18. c3 a6 19. Na3 Ne4
20. Qd3 Qd6 21. Nc2 Na5 22. Ne3 Qe6 23. Nd2 Bg6 24. Bf3 Ng3 25. Bg4 Qc6 26. Ne4
Nxe4 27. Qe2 Nf6 28. Bf3 Nc4 29. Qf1 Nxe3 30. fxe3 Rxe3 31. Qf2 Rxe1+ 32. Rxe1
Rxe1+ 33. Qxe1 Qe6 34. Qg3 Qe3+ 35. Kh2 Nh5 36. Qxc7 Qf4+ 37. Qxf4 Nxf4 38. g3
Nd3 39. b4 Be4 40. Be2 Nc1 41. Bg4 f5 42. Bd1 Nxa2 43. Ba4 b5 44. Bd1 Nxc3 45.
Bb3 Ne2 46. Ba2 Nxd4 47. Kg1 Nc2 0-1

[Event "DVM U14w 2014"]
[Site "Regensburg GER"]
[Date "2014.12.29"]
[Round "6"]
[White "Kublanov, Carolin"]
[Black "Maßloch, Lea"]
[Result "1-0"]
[Termination "normal"]
[Board "5.3"]
[WhiteElo "1328"]
[BlackElo "1133"]
[WhiteTeam "SG Solingen"]
[BlackTeam "SG Güstrow/Teterow"]
[PlyCount "91"]
[WhiteFideId "12944548"]
[BlackFideId "12957909"]
[EventCountry "GER"]
[EventRounds "7"]
[EventType "team-swiss"]
[EventDate "2014.12.26"]

1. d4 {[%emt 0:00:00]} e6 2. Nf3 f5 3. e3 Nf6 4. Bd3 d5 5. O-O Bd6 6. b3 O-O 7.
Bb2 Bd7 8. Ne5 Be8 9. Nd2 Nbd7 10. c4 c6 11. c5 Be7 12. f4 b6 13. Nxc6 Qc7 14.
Nxe7+ Kh8 15. cxb6 Qxb6 16. Ba3 Rf7 17. Qc1 Rb8 18. Nf3 h6 19. Ng6+ Kg8 20.
Nfe5 Nxe5 21. Nxe5 Rc7 22. Qe1 Qb7 23. Bd6 Rbc8 24. Bxc7 Qxc7 25. Rc1 Qb7 26.
Rxc8 Qxc8 27. Qc1 Qb8 28. Qc5 Bd7 29. Rc1 Kh7 30. Qc7 Qxc7 31. Rxc7 Be8 32. g4
Kg8 33. gxf5 exf5 34. Bxf5 Kf8 35. Ng6+ Kg8 36. Ne7+ Kf8 37. Rxa7 h5 38. Ng6+
Kg8 39. Rc7 Kh7 40. Ne5+ Kg8 41. Bg6 Kf8 42. Bxe8 Nxe8 43. Rd7 Kg8 44. Rxd5 Kf8
45. Rd7 Kg8 46. a4 1-0

[Event "DVM U14w 2014"]
[Site "Regensburg GER"]
[Date "2014.12.29"]
[Round "6"]
[White "Gesell, Myriam"]
[Black "Möller, Laura"]
[Result "0-1"]
[Termination "normal"]
[Board "5.4"]
[WhiteElo "800"]
[BlackElo "1387"]
[WhiteTeam "SG Güstrow/Teterow"]
[BlackTeam "SG Solingen"]
[PlyCount "88"]
[WhiteFideId "16200330"]
[BlackFideId "12911720"]
[EventCountry "GER"]
[EventRounds "7"]
[EventType "team-swiss"]
[EventDate "2014.12.26"]

1. e4 c5 2. Nc3 Nc6 3. Nf3 g6 4. Bc4 Bg7 5. O-O Nf6 6. d4 cxd4 7. Nxd4 Nxe4 8.
Be3 O-O 9. Nxe4 d5 10. Bxd5 Qxd5 11. Nc3 Qd6 12. Ncb5 Qd7 13. c3 a6 14. Na3
Nxd4 15. cxd4 Rd8 16. Nc2 Qd6 17. Qd2 Bf5 18. Rfd1 Qb6 19. Rac1 Qxb2 20. a3
Bxc2 21. Rxc2 Qxa3 22. Ra2 Qd6 23. Ra4 Rd7 24. Bf4 e5 25. dxe5 Qxd2 26. Bxd2
Bxe5 27. g3 Rad8 28. Raa1 Bxa1 29. Rxa1 Rxd2 30. Kf1 Rd1+ 31. Rxd1 Rxd1+ 32.
Ke2 Rd6 33. Kf1 a5 34. Kg2 a4 35. Kf1 a3 36. Kg2 a2 37. Kh3 a1=Q 38. Kg2 Rf6
39. Kh3 Qf1+ 40. Kg4 h5+ 41. Kg5 Qxf2 42. Kh4 Qxh2+ 43. Kg5 Rf5+ 44. Kh6 Qd2#
0-1

[Event "DVM U14w 2014"]
[Site "Regensburg GER"]
[Date "2014.12.29"]
[Round "6"]
[White "Oberhofer, Marie"]
[Black "Hausmann, Sarah"]
[Result "1-0"]
[Termination "normal"]
[Board "6.1"]
[WhiteElo "1648"]
[BlackElo "1364"]
[WhiteTeam "SC Bavaria Regensburg"]
[BlackTeam "SK Gräfelfing"]
[PlyCount "47"]
[WhiteFideId "12938165"]
[BlackFideId "12972630"]
[EventCountry "GER"]
[EventRounds "7"]
[EventType "team-swiss"]
[EventDate "2014.12.26"]

1. e4 {[%emt 0:00:00]} d6 2. d4 g6 3. Nc3 Bg7 4. Be3 Nf6 5. f4 Nfd7 6. Nf3 Nc6
7. Bd3 e5 8. fxe5 dxe5 9. d5 Ne7 10. Qd2 O-O 11. O-O-O a6 12. h4 b5 13. h5 c5
14. hxg6 fxg6 15. Bh6 c4 16. Bxg7 cxd3 17. Qh6 Kf7 18. Ng5+ Ke8 19. Ne6 Qa5 20.
Bxf8 Ng8 21. Qxh7 Nxf8 22. Qxg8 Bxe6 23. dxe6 Qb6 24. Qf7+ 1-0

[Event "DVM U14w 2014"]
[Site "Regensburg GER"]
[Date "2014.12.29"]
[Round "6"]
[White "Shvartsman, Kristina"]
[Black "Böse, Carolin"]
[Result "1/2-1/2"]
[Termination "normal"]
[Board "6.2"]
[WhiteElo "1388"]
[BlackElo "1410"]
[WhiteTeam "SK Gräfelfing"]
[BlackTeam "SC Bavaria Regensburg"]
[PlyCount "50"]
[WhiteFideId "12983438"]
[BlackFideId "12929646"]
[EventCountry "GER"]
[EventRounds "7"]
[EventType "team-swiss"]
[EventDate "2014.12.26"]

1. e4 {[%emt 0:00:00]} e5 2. Nf3 Nc6 3. Bc4 Bc5 4. d3 h6 5. c3 Qf6 6. Be3 Bb6
7. Nbd2 d6 8. Bb3 Nge7 9. h3 Bd7 10. Qc2 O-O 11. Nh2 Qg6 12. O-O-O Be6 13. g4
Na5 14. Bxe6 Qxe6 15. Kb1 d5 16. exd5 Nxd5 17. Rde1 c5 18. f4 Qc6 19. Rhf1 Nxe3
20. Rxe3 exf4 21. Rxf4 Rfe8 22. Ne4 c4 23. d4 Bc7 24. Rf2 Qg6 25. Nf1 Nc6
1/2-1/2

[Event "DVM U14w 2014"]
[Site "Regensburg GER"]
[Date "2014.12.29"]
[Round "6"]
[White "Hauner, Sara-Marie"]
[Black "Khamenya, Vitalia"]
[Result "0-1"]
[Termination "normal"]
[Board "6.3"]
[WhiteElo "756"]
[BlackElo "1422"]
[WhiteTeam "SC Bavaria Regensburg"]
[BlackTeam "SK Gräfelfing"]
[PlyCount "58"]
[WhiteFideId "16200578"]
[BlackFideId "12959260"]
[EventCountry "GER"]
[EventRounds "7"]
[EventType "team-swiss"]
[EventDate "2014.12.26"]

1. e4 c5 2. Nf3 e6 3. d4 cxd4 4. Nxd4 a6 5. Be2 Qc7 6. Nc3 Nf6 7. Be3 b5 8. Bf3
Bb7 9. Qd3 Nc6 10. a3 b4 11. Na4 Ne5 12. Qe2 Qa5 13. axb4 Qxb4+ 14. c3 Nxf3+
15. Nxf3 Qxe4 16. O-O g5 17. Rfe1 g4 18. Nc5 Bxc5 19. Bxc5 Qxe2 20. Rxe2 gxf3
21. Re5 fxg2 22. Rg5 Ne4 23. Rh5 Nf6 24. Rh6 Nd5 25. Ra4 Rc8 26. Bd6 Rc6 27.
Ba3 Rxc3 28. bxc3 Nxc3 29. Rb4 Ne2# 0-1

[Event "DVM U14w 2014"]
[Site "Regensburg GER"]
[Date "2014.12.29"]
[Round "6"]
[White "Mönster, Madita"]
[Black "Hartmann, Jasmin"]
[Result "1-0"]
[Termination "normal"]
[Board "7.1"]
[WhiteElo "1602"]
[BlackElo "1217"]
[WhiteTeam "SK Nordhorn-Blanke"]
[BlackTeam "SV 1926 Riegelsberg"]
[PlyCount "105"]
[WhiteFideId "12947156"]
[BlackFideId "12988898"]
[EventCountry "GER"]
[EventRounds "7"]
[EventType "team-swiss"]
[EventDate "2014.12.26"]

1. e4 e5 2. Nf3 Nc6 3. Bc4 d6 4. c3 Be7 5. d3 Nf6 6. O-O O-O 7. Bb3 Bg4 8. Nbd2
Qd7 9. Re1 Kh8 10. Nf1 Nh5 11. h3 Be6 12. Bc2 f5 13. Nxe5 Nxe5 14. Qxh5 Rf6 15.
d4 Ng6 16. Bg5 Rff8 17. d5 Bf7 18. exf5 Ne5 19. Qh4 Bxg5 20. Qxg5 Bxd5 $11 21.
Rad1 Qc6 22. Ne3 Be4 23. Bxe4 Qxe4 24. Nd5 Qxf5 25. Qxf5 Rxf5 26. Nxc7 Raf8 27.
Rxd6 Nc4 28. Rd7 Rxf2 29. Ne6 R2f7 30. Nxf8 Rxd7 31. Nxd7 Kg8 32. Rf1 g6 33. b3
Nd6 34. c4 Nf5 35. Rc1 Kf7 36. c5 Ke6 37. Nf8+ Kd5 38. b4 Nd4 39. Kf2 a6 40.
Ke3 Nc6 41. Rb1 Kc4 42. a3 Nd4 43. Rc1+ Kd5 44. Rd1 Kc4 45. Rxd4+ Kb5 46. Rd6
Ka4 47. Rb6 a5 48. bxa5 Kxa5 49. Rxb7 Ka4 50. c6 Ka5 51. c7 Ka6 52. c8=Q Ka5
53. Qa8# 1-0

[Event "DVM U14w 2014"]
[Site "Regensburg GER"]
[Date "2014.12.29"]
[Round "6"]
[White "Weiten, Anna"]
[Black "ter Stal, Esther"]
[Result "0-1"]
[Termination "normal"]
[Board "7.2"]
[WhiteElo "1222"]
[BlackElo "1482"]
[WhiteTeam "SV 1926 Riegelsberg"]
[BlackTeam "SK Nordhorn-Blanke"]
[PlyCount "48"]
[WhiteFideId "12938203"]
[BlackFideId "12944467"]
[EventCountry "GER"]
[EventRounds "7"]
[EventType "team-swiss"]
[EventDate "2014.12.26"]

1. e4 c6 2. d4 d5 3. Nc3 dxe4 4. Nxe4 Nd7 5. Nf3 Ngf6 6. Ng3 e6 7. Bd2 c5 8.
Bc3 Be7 9. Qd2 O-O 10. O-O-O a6 11. Ne5 Nxe5 12. dxe5 Qxd2+ 13. Rxd2 Nd5 14.
Rd3 c4 15. Rf3 Nxc3 16. Rxc3 b5 17. Ne4 Bb7 18. Nd2 Rad8 19. Rg3 Bc5 20. f4 Rd4
21. Rg4 Rfd8 22. Be2 Rxd2 23. Bf3 Bxf3 24. gxf3 Be3 0-1